Films les plus vus en France par année et par images - Statistiques

Statistiques générales
  • Ce quiz a été pris 184 fois
  • Le résultat moyen est 21 sur 26
Statistiques - réponses
Par images Hint Réponse % Correct
2007 Ratatouille
97%
2009 Avatar
96%
2013 La Reine des neiges
96%
2019 Le Roi lion
96%
2022 Avatar : La Voie de l'eau
94%
2003 Le Monde de Nemo
94%
2000 Taxi 2
93%
2002 Astérix et Obélix : Mission Cléopâtre
91%
2011 Intouchables
91%
2014 Qu'est-ce qu'on a fait au Bon Dieu ?
89%
2016 Vaiana : La Légende du bout du monde
89%
2021 Spider-Man: No Way Home
87%
2018 Les Indestructibles 2
86%
2025 Zootopie 2
85%
2015 Star Wars, épisode VII : Le Réveil de la Force
84%
2004 Les Choristes
82%
2012 Skyfall
78%
2017 Star Wars, épisode VIII : Les Derniers Jedi
77%
2005 Harry Potter et la Coupe de feu
73%
2024 Un p'tit truc en plus
73%
2010 Harry Potter et les Reliques de la Mort, partie 1
70%
2001 Harry Potter à l'école des sorciers
69%
2023 Super Mario Bros. le film
68%
2008 Bienvenue chez les Ch'tis
59%
2006 Les Bronzés 3 : Amis pour la vie
50%
2020 Tenet
47%
Aucun quiz correspondant
Distribution des résultats
% des personnes avec chaque résultat
Percentile par nombre de réponses
Votre historique - résultats
Vous n’avez pas pris ce quiz